header

Trauma and attachment (Record no. 129175)

MARC details
000 -LEADER
fixed length control field 01514nam a2200361Ia 4500
082 04 - DEWEY DECIMAL CLASSIFICATION NUMBER
Classification number 616.85/21
245 10 - TITLE STATEMENT
Title Trauma and attachment
260 ## - PUBLICATION, DISTRIBUTION, ETC. (IMPRINT)
Place of publication London ;
-- New York :
Name of publisher Karnac,
Year of publication 2008.
300 ## - PHYSICAL DESCRIPTION
Number of Pages xi, 99 p. :
Other physical details ill.
500 ## - GENERAL NOTE
General note "The Centre for Attachment-based Psychoanalytic Psychotherapy."
650 #0 - SUBJECT ADDED ENTRY--TOPICAL TERM
Topical Term Psychic trauma
Topical Term Attachment behavior
Topical Term Psychoanalysis
700 1# - ADDED ENTRY--PERSONAL NAME
Personal name Benamer, Sarah.
Personal name White, Kate,
856 40 - ELECTRONIC LOCATION AND ACCESS
Uniform Resource Identifier http://site.ebrary.com/lib/rucke/Doc?id=10463837

No items available.

© 2026 Rongo University
Contact us: librarian | system librarian | Rongo university